| 000 | 00938nam a2200301 i 4500 | ||
|---|---|---|---|
| 001 | 200443605 | ||
| 999 |
_c200443605 _d61817 |
||
| 003 | TR-AnTOB | ||
| 005 | 20251120155002.0 | ||
| 007 | ta | ||
| 008 | 210917s2001 tu d 000 0 tur d | ||
| 040 |
_aTR-AnTOB _beng _erda _cTR-AnTOB |
||
| 041 | 0 | _atur | |
| 050 | 1 | 4 |
_aHD9016.I42 _bB565 2001 |
| 090 |
_aHD9016.I42 _bB565 2001 |
||
| 100 | 1 |
_aBinici, Ayfer _eauthor _9129167 |
|
| 245 | 1 | 0 |
_aHindistan gıda piyasası / _cAyfer Binici. |
| 264 | 1 |
_aAnkara : _bOrta Anadolu İhracatçı Birlikleri Genel Sekreterliği, _c2001. |
|
| 300 |
_a36 pages : _btables ; _c27 cm |
||
| 336 |
_2rdacontent _atext _btxt |
||
| 337 |
_2rdamedia _aunmediated _bn |
||
| 338 |
_2rdacarrier _avolume _bnc |
||
| 504 | _aBIB | ||
| 650 | 0 |
_aBesin endüstrisi ve ticareti _zHindistan _9120058 |
|
| 710 | 2 |
_aOrta Anadolu İhracatçı Birlikleri _985899 |
|
| 942 |
_2lcc _cBK |
||